[Event "EU-Cup 21st"]
[Site "Saint Vincent"]
[Date "2005.09.23"]
[Round "6.1"]
[White "McShane, Luke J"]
[Black "Kramnik, Vladimir"]
[Result "0-1"]
[WhiteElo "2625"]
[BlackElo "2744"]
[Annotator "Postny,E"]
[PlyCount "54"]
[EventDate "2005.09.18"]
[EventType "team-swiss"]
[EventRounds "7"]
[EventCountry "ITA"]
[SourceTitle "CBM 110"]
[Source "ChessBase"]
[SourceDate "2006.01.31"]
[SourceVersion "1"]
[SourceVersionDate "2006.01.31"]
[SourceQuality "1"]
[WhiteTeam "Werder Bremen"]
[BlackTeam "Paris NAO"]
[WhiteTeamCountry "GER"]
[BlackTeamCountry "FRA"]

1. d4 Nf6 2. Bg5 e6 3. e4 h6 4. Bxf6 Qxf6 5. Nc3 Bb4 6. Qd3 {White is
intending to castle long, while the knight on c3 won't be pinned anymore.
Still, this move looks somewhat awkward to me, compared to the more common
move 6.Qd2.} Nc6 (6... d5 7. a3 Bxc3+ 8. bxc3 Nd7 9. e5 Qe7 10. f4 Nb6 11. Qe3
Bd7 12. Nf3 c5 13. Bd3 Rc8 14. O-O cxd4 15. cxd4 Nc4 16. Qc1 $14 {1-0 Nijboer,
F (2529)-De Jong,M (2299)/Dieren NED 2005/The Week in Chess 563 (53)}) ({
The following game was played in the same tournament just few rounds earlier:} 
6... d6 7. O-O-O O-O 8. Nf3 c5 9. e5 Qf4+ 10. Kb1 Bxc3 11. g3 Qf5 12. Qxf5 exf5
13. bxc3 {and white got a stable advantage - 1/2-1/2 McShane,L (2625)-Agopov,M
(2389)/Saint Vincent 2005/CBM 110_01 (72)}) (6... c5 7. e5 Qe7 8. a3 cxd4 9.
axb4 dxc3 10. bxc3 O-O 11. Nf3 Rd8 12. Qe4 f5 13. exf6 Qxf6 14. Bd3 Nc6 15. O-O
$16 {1-0 Palliser,R (2402)-Van Voorthuijsen,P (2249)/Cork IRL 2005/The Week in
Chess 546 (32)}) 7. Nf3 (7. O-O-O Bxc3 8. Qxc3 d6 9. Kb1 Bd7 10. Qe3 e5 11. d5
Ne7 12. g3 $14 {1-0 Legky,N (2503)-Spiridonov,N (2182)/Sautron 2002/EXT 2003 
(51)}) (7. Nge2 O-O 8. a3 Bxc3+ 9. Qxc3 d5 10. e5 Qe7 11. f4 $14 {1/2-1/2
Polaczek,R (2426)-Roeder,P/Dos Hermanas 2004/EXT 2005 (20)}) 7... O-O $146 (
7... d6 8. O-O-O Bd7 9. Kb1 O-O-O 10. Qe3 Kb8 11. e5 $6 dxe5 12. dxe5 Qe7 13.
Ne4 Ba5 14. Bc4 Bb6 15. Qe2 a6 $15 {[%csl Gb6] 0-1 Michaud,C (2074)-Sokolov,A 
(2568)/Crans Montana 2001/EXT 2002 (33)}) 8. O-O-O d6 {The position is
balanced. White's space advantage is compensated by black's pair of bishops.}
9. Kb1 {A useful move, moving the king out of possible check along the h6-c1
diagonal.} Qg6 10. h4 f5 {Kramnik is not intending to stay in passivity and is
opening the "f" file for the rook.} 11. h5 Qf7 12. exf5 (12. e5 $6 Rd8 {
is fine for black.}) 12... Qxf5 13. Qc4 $5 {McShane avoids the exchange of
queens.} ({A playable alternative would have been} 13. Qxf5 Rxf5 14. Ne4 {
with approximate equality.}) 13... Qa5 $1 {[%csl Rc3]} 14. Ne2 Qd5 $1 15. Qxd5
{In this case white is practically forced to exchange queens.} (15. Qd3 $6 e5
$1 16. dxe5 Qxd3 17. Rxd3 Nxe5 18. Nxe5 dxe5 $15 {Open files and diagonals
give black more than sufficient compensation for the Pe5 weakness.}) 15... exd5
16. Rh4 $1 {This unusual rook manoeuvre is quite typical for a Trompowsky.} Ne7
17. Nf4 c6 18. g3 Bf5 19. Bh3 Be4 20. Bg4 $1 {White's pieces are crowded on
the kingside, but black can not really take advantage of it. Black's Bb4 is
misplaced.} Ba5 21. Rh2 {After white has established his knight on f4, the
rook has nothing to do anymore on h4.} Nf5 (21... Rae8 22. Nd2 Bxd2 $6 (22...
Nf5 {see the game.}) 23. Rxd2 Bf5 24. Bxf5 Nxf5 25. c3 $14) 22. Nd2 Rae8 23.
Nf1 Bb6 24. Ne2 {[%csl Re4][%cal Gf2f3]} Ne7 {Black has to step back in order
to save his bishop.} 25. Ne3 Nf5 $11 26. Ng2 $4 {[%mdl 8192] I guess that
McShane was still optimistic about his chances, since he declined the option
of repeating the position... The move in the text loses on the spot.} (26. Nf1
Ne7 $11) {[%tqu "En","Find the winning strike for Black.","","","f5d4","That's
it. White's position collapsed like a sand-house.",10]} 26... Nxd4 $1 {[%cal
Gf8f2] That's it. White's position collapsed like a sand-house.} 27. Ngf4 (27.
Nxd4 Rxf2 $19) 27... Bxc2+ 0-1

[Event "EU-ch 6th"]
[Site "Warsaw"]
[Date "2005.06.19"]
[Round "2"]
[White "Cao, Sang"]
[Black "Inarkiev, Ernesto"]
[Result "1/2-1/2"]
[WhiteElo "2488"]
[BlackElo "2612"]
[Annotator "Postny,E"]
[PlyCount "107"]
[EventDate "2005.06.18"]
[EventType "swiss"]
[EventRounds "13"]
[EventCountry "POL"]
[SourceTitle "CBM 108"]
[Source "ChessBase"]
[SourceDate "2005.09.26"]
[SourceVersion "1"]
[SourceVersionDate "2005.09.26"]
[SourceQuality "1"]

1. d4 Nf6 2. Bg5 e6 3. e4 h6 4. Bxf6 Qxf6 5. Nc3 Bb4 6. Nf3 ({More popular
continuation is} 6. Qd2 {keeping an option of the advance f2-f4.}) 6... d5 {
In this line arises a typical French defense type position.} ({Few rounds
later Cao Sang played this line as white again:} 6... d6 7. Qd3 $5 O-O 8. O-O-O
Nd7 9. Kb1 c6 10. a3 Ba5 11. h4 e5 12. Ne2 exd4 13. Qxd4 Qxd4 14. Nfxd4 Ne5 {
1/2-1/2 Cao Sang-Alekseev,E/Warsaw 2005 (22)}) 7. e5 (7. Bd3 O-O 8. O-O Bxc3 9.
bxc3 c5 10. Re1 Nc6 11. Rb1 cxd4 12. exd5 exd5 13. Nxd4 b6 14. Rb5 Nxd4 15.
cxd4 Bb7 $11 {1/2-1/2 Hort,V-Balashov,Y/Moscow 1999 (24)}) 7... Qd8 (7... Qe7
8. Qd2 b6 9. a3 Bxc3 10. Qxc3 c5 11. b4 c4 12. Be2 b5 13. O-O Bd7 14. Nd2 a5
15. Qg3 Qg5 16. Qxg5 hxg5 17. c3 Ke7 $15 {0-1 Rossetto,H-Eliskases,E/Mar del
Plata 1966 (48)}) 8. a3 Be7 {Black has slightly passive but a solid position
and he hopes to make use of his pair of bishops in the long run.} (8... Bxc3+
9. bxc3 c5 {is a playable alternative.}) 9. Bd3 b6 $146 (9... c5 10. dxc5 Bxc5
11. O-O Nc6 12. b4 Be7 13. Nb5 a6 14. Nbd4 {- 1-0 Akopian,V-Antonio,R/Las
Vegas 1999/CBM 072 [Alterman,B]}) 10. Ne2 c5 11. c3 Nc6 12. O-O c4 $5 {This
advance always has it's up and down sides. On the one hand black is gaining
space on the queenside, on the other hand white's pair of knights might be
well preferable that's black's pair of bishops in such type of close position.}
({A playable alternative is} 12... Bb7 {followed by 13...Qc7 and 14...0-0-0.})
13. Bc2 Qc7 14. Nd2 Bd7 15. f4 {[%cal Gf4f5]} g6 16. Kh1 (16. g4 $2 h5 17. h3
hxg4 18. hxg4 Rh4 19. Ng3 O-O-O 20. Kg2 Rdh8 21. Rh1 Rxh1 22. Nxh1 g5 $40)
16... O-O-O $6 {There was no need to determine the placement of the king that
soon.} 17. b3 $1 {The most principled continuation after black's queenside
castling. On the other hand, white has to be aware that this thrust spoiles
his pawn structure. Therefore, he will be obliged to play actively to keep the
initiative.} cxb3 18. Nxb3 Kb8 19. a4 {[%cal Ga4a5]} a5 20. Bd3 Na7 21. Nd2 Bc6
{Black is preparing for white's c3-c4 thrust.} 22. Qb3 Ka8 23. Rfb1 (23. Rab1
Rb8 24. Rfc1 b5 $132) 23... Rb8 24. Nf1 $6 {This looks too slow.} ({More in
the spirit of the position would have been:} 24. c4 $5 Bb4 25. Nc3 dxc4 26.
Nxc4 Rhd8 27. Na2 Rxd4 28. Nxb4 axb4 29. Qc2 $36 {[%cal Gb1b4]}) 24... b5 25.
axb5 Bxb5 26. Bxb5 Rxb5 27. Qxb5 $2 {If this could work, then it would be a
brilliant sacrifice, but objectively speaking, apart from a psychological
shock this sacrifice has no point. White's position is far from being bad, so
there was no reason at all for such a drastic measures.} (27. Qa4 Rhb8 28. Rxb5
Rxb5 29. Ne3 $14) 27... Nxb5 28. Rxb5 Bd8 29. Nd2 Qd7 30. c4 (30. Rb4 Bc7 31.
Nb3 Rb8 32. Nc5 Qc6 $19) 30... dxc4 31. Rab1 c3 $1 {Forcing white to capture
the pawn with the wrong knight.} (31... Qc6 $6 32. Rc5 Qa6 33. Nxc4 $44) 32.
Nxc3 Bc7 {[%csl Rd4]} 33. d5 Rb8 {After the exchange of pair of rooks white
won't be able to create serious threats against the black king.} 34. Rxb8+ Bxb8
35. d6 Qc6 36. Nde4 f5 $1 37. exf6 Bxd6 38. f7 (38. Rd1 $142 Bb4 39. f7 Qc8 (
39... Qc7 40. Nb5 Qxf7 $4 41. Rd8+ Kb7 42. Nbd6+ $18 {[%csl Rb7,Rf7]}) 40. Nb5
Be7 $17) 38... Be7 ({Even stronger is} 38... Bf8 $1 39. Rd1 Qc7 {[%csl Rf7]})
39. Rd1 a4 $2 {There was no need to be in a hurry.} (39... Qc8 $1 {was simple
and strong, preventing the invasion of white's rook.}) 40. Rd8+ Ka7 41. f8=Q
Bxf8 42. Rxf8 Qa6 {[%cal Ga6f1]} 43. h3 a3 44. Rf7+ Kb6 45. Na2 Qe2 46. Nec3 {
After white blocked the "a" pawn, the position is balanced.} Qf1+ 47. Kh2 g5
48. Rf6 gxf4 49. Rxe6+ Kb7 50. Re7+ (50. Rxh6 f3 51. Rh7+ $8 (51. gxf3 Qf2+ 52.
Kh1 Qxf3+ $19 {[%csl Rh6][%cal Rf3e3,Rf3f4]}) 51... Kc6 52. gxf3 Qf2+ 53. Kh1
Qxf3+ 54. Kh2 $11) 50... Kc8 51. Re8+ Kb7 52. Re7+ Kc8 53. Re8+ Kb7 54. Re7+
1/2-1/2

[Event "UKR-ch 73rd"]
[Site "Kharkov"]
[Date "2004.08.30"]
[Round "4.1"]
[White "Moiseenko, Alexander"]
[Black "Volokitin, Andrei"]
[Result "1/2-1/2"]
[WhiteElo "2640"]
[BlackElo "2638"]
[Annotator "Postny,E"]
[PlyCount "68"]
[EventDate "2004.08.03"]
[EventType "k.o."]
[EventRounds "5"]
[EventCountry "UKR"]
[SourceTitle "CBM 103"]
[Source "ChessBase"]
[SourceDate "2004.11.11"]
[SourceVersion "1"]
[SourceVersionDate "2004.11.11"]
[SourceQuality "1"]

1. d4 Nf6 2. Bg5 {This variation frequently leads to interesting and
relatively unexplored positions.} Ne4 3. Bf4 c5 {Black goes for the most
principled continuation.} 4. f3 ({Another theoretical line is} 4. d5 Qb6) 4...
Qa5+ {Before retreating with the knight black provokes the c2-c3 move, which
will rob from white's queenside knight his natural developing square.} 5. c3
Nf6 6. d5 {More positional line is 6.Nd2.} (6. Nd2 cxd4 7. Nb3 Qb6 (7... Qd8 8.
Bxb8 Rxb8 9. Qxd4 a6 10. Qa7 Qc7 11. e4 e6 12. Bxa6 Bd6 13. Bb5 Bxh2 14. Ne2 b6
15. Qxc7 Bxc7 $15 {0-1 Miladinovic,I-Georgiev,K/Skopje 2002/CBM 88 (34)}) (7...
Qf5 8. Bxb8 Rxb8 9. Qxd4 b6 10. e4 Qf4 11. Nh3 Qc7 12. e5 Ng8 13. O-O-O $36 {
1/2-1/2 Moiseenko,A-Svidler,P/Ekaterinburg 2002/CBM 90 (29)}) 8. Qxd4 Nc6 (8...
Qxd4 9. cxd4 e6 10. e4 d5 11. Bxb8 Rxb8 12. e5 Nd7 13. f4 f6 $11 {0-1
Moiseenko,A-Zubarev,A/Kharkov 2001/CBM 83 (63)}) 9. Qxb6 axb6 10. Nd4 e5 11.
Nxc6 exf4 12. Nd4 {--> 1-0 Aleksandrov,A-Kotronias,V/Istanbul 2003/CBM 96 
[Finkel] (39)}) 6... Qb6 {Forcing another concession in white's camp.} 7. b3 (
7. Bc1 {--> 1/2-1/2 Gustafsson,J-Eljanov,P/Plovdiv 2003/CBM 98 [Finkel] (33)})
7... e6 {Opening up the centre is the most logical try to make use of white's
non-development.} (7... d6 8. e4 g6 9. Bd3 Bg7 10. Ne2 O-O 11. Nd2 Nbd7 12. Nc4
Qc7 13. a4 b6 14. O-O a6 {+/=/= 1/2-1/2 Adams,M-Tkachiev,V/Wijk aan Zee 1995/
CBM 45 (53)}) 8. e4 exd5 9. exd5 Bd6 10. Bg5 {White correctly avoids the
exchange of dark-squared bishops, since the dark squares in his camp are quite
vulnerable.} (10. Nh3 O-O 11. c4 Nh5 12. Bxd6 Qxd6 13. Nc3 Qe5+ 14. Ne2 d6 $17
{0-1 Medancic,R-Tukmakov,V/Zadar 1997/EXT 99 (30)}) 10... Be7 ({Also appeared
in practice} 10... O-O $5 11. Bxf6 Re8+ 12. Ne2 gxf6 $13) 11. Ne2 (11. Na3 d6
12. Nc4 Qd8 13. a4 O-O 14. Ne2 Na6 15. h4 Nc7 16. Bxf6 Bxf6 $15 {0-1 Taylor,
M-Hebden,M/Scarborough 2004/CBM 101 ext (36)}) 11... d6 $146 (11... Qd6 12. Na3
O-O 13. Nb5 Qb6 14. d6 Qxb5 15. dxe7 Re8 16. Bxf6 gxf6 17. Nf4 Rxe7+ 18. Kf2
Qc6 19. Bc4 $40 {1-0 Moiseenko,A-Wang,H/Toronto 2003/CBM 95 ext (25)}) 12. c4
Qd8 13. Be3 b5 $1 {Volokitin does not want to stay in passivity and offers a
typical pawn sacrifice.} 14. cxb5 O-O 15. Nec3 $6 {After this move white will
have problems to complete the development.} ({Comes to consideration} 15. Nbc3
Re8 16. Kf2) 15... Re8 16. Be2 Nh5 $1 17. Qd2 (17. O-O Bf6 18. Bf2 (18. Qd2 $4
Rxe3 19. Qxe3 Bd4 $19) 18... Nf4 $36) 17... Bf6 18. a4 (18. f4 $2 {[%csl Rh5]}
{[%tqu "En","Please enter a move for black","","","h5f4","",10]} Nxf4 $1 19.
Bxf4 Bg4 $17 {White is not able to save his extra piece.}) 18... a6 19. Ra2 {
Moving the rook out of the attack of black's bishop.} axb5 20. axb5 $2 {
This recapture has serious tactical drawback.} (20. Nxb5 $6 Na6 $36 {[%cal
Ga6b4]}) (20. Bxb5 Bd7 21. Bxd7 Nxd7 22. Nd1 Qb8 23. Ra3 $13) 20... Rxa2 $2 ({
Black could take benefit of white's uncastled king by} 20... Bxc3 $1 21. Nxc3
Rxa2 22. Nxa2 Qe7 23. Kf2 (23. Bf2 Nf4 $17 {[%csl Re2,Rg2]}) 23... Qh4+ 24. Kg1
$2 (24. Kf1 Ng3+) 24... Rxe3 25. Qxe3 Qe1+ 26. Bf1 Qxe3#) 21. Nxa2 Nd7 {
Black still keeps excellent compensation for the pawn. White has to play very
carefully.} 22. Nbc3 Nb6 23. Ne4 {White has to block the "e" file in order to
castle.} (23. O-O $4 Rxe3 24. Qxe3 Bd4 $19) 23... Bh4+ $1 24. g3 f5 {Black's
play is very tempting.} 25. Bg5 Bxg5 26. Nxg5 c4 $6 {Trying to open second
front, but it was probably a time to pick up the Pd5.} (26... Nf6 27. O-O (27.
Nc3 Bb7 28. Ne6 Qe7 29. Nf4 Kh8 $1 $17) 27... Nfxd5 28. Bc4 Bb7 $17 {White can
not make use of the temporary pin along the diagonal a2-g8.}) 27. O-O {Finally.
..} cxb3 28. Nb4 {White sacrificed back a pawn, but coordinated his forces a
little bit. The chances are about equal now.} f4 29. Ne4 fxg3 30. hxg3 Nxg3 $1
{[%mdl 512] Very nice piece sacrifice, which keeps black's initiative.} (30...
Rxe4 $2 31. fxe4 Nxg3 32. Rb1 Nxe4 33. Qe3 $16) 31. Nxg3 Qh4 32. Ne4 {The
safest continuation.} (32. Qe1 Bh3 33. Ne4 Rxe4 34. fxe4 Qg5+ 35. Kf2 Qf4+ 36.
Kg1 Qg5+ $11) ({After} 32. Nh1 $5 Bf5 $1 {Black has strong compensation, since
white's pieces are badly placed.}) 32... Rxe4 {Finishing the game in a
perpetual check.} 33. fxe4 Qg3+ 34. Kh1 Qh3+ 1/2-1/2

[Event "EU-chT (Men) 15th"]
[Site "Gothenburg"]
[Date "2005.08.04"]
[Round "6.1"]
[White "McShane, Luke J"]
[Black "Hall, Jesper"]
[Result "1-0"]
[WhiteElo "2625"]
[BlackElo "2487"]
[Annotator "Postny,E"]
[PlyCount "63"]
[EventDate "2005.07.30"]
[EventType "team-swiss"]
[EventRounds "9"]
[EventCountry "SWE"]
[SourceTitle "CBM 109"]
[Source "ChessBase"]
[SourceDate "2005.11.14"]
[SourceVersion "1"]
[SourceVersionDate "2005.11.14"]
[SourceQuality "1"]
[WhiteTeam "England"]
[BlackTeam "Sweden III"]
[WhiteTeamCountry "ENG"]
[BlackTeamCountry "SWE"]

1. d4 Nf6 2. Bg5 c5 3. Bxf6 gxf6 4. d5 Qb6 5. Qc1 f5 6. c4 e5 $6 {A very rare
and not the best move. Black seizes some space in the centre, but his Pf5 will
become a target for White's pieces, since the move e7-e6 is no longer
available for Black.} ({The main line continues with} 6... Bg7 7. Nc3 d6) 7.
Nc3 Qg6 $146 {Transfering the queen to the kingside before playing d6. In case
of the immediate 7...d6 the black queen will be misplaced on b6.} (7... d6 8.
Qc2 Nd7 9. e3 Nf6 10. O-O-O Bg7 11. Nf3 Bd7 12. Nh4 e4 13. g3 $14 {0-1 Vehi
Bach,V-Baron Rodriguez,J/Barbera 1995/EXT 97 (54)}) 8. g3 $1 {The best way of
development. The bishop will go to h3 pressing Pf5.} d6 9. Bh3 Nd7 ({A
probably safer way of development for Black would have been:} 9... Na6 10. Nf3
Be7 {followed by Nc7,Bd7 etc.}) 10. Qc2 Nf6 11. Nf3 {[%csl Rf5][%cal Gf3h4]}
Ng4 (11... Qh5 12. Nh4 Ng4 {is a transposition.}) 12. Nh4 Qh5 13. Nb5 Kd8 14.
f3 $1 Ne3 ({The passive retreat was probably not worse:} 14... Nh6 15. Qc3 Be7
16. f4 Bxh4 17. gxh4 (17. fxe5 Bg5 18. Bg2 Ng4 19. Nxd6 Ne3 20. Bf3 Qg6 21. e6
Rf8 22. Nxb7+ Bxb7 23. Qa5+ Ke7 24. Qxc5+ Kf6 25. Qd4+ Ke7 26. Qc5+ Kf6 27.
Qd4+ $11) 17... Qxh4+ 18. Qg3 Qxg3+ 19. hxg3 Ke7 20. fxe5 dxe5 21. O-O-O $44)
15. Qc3 Be7 $2 {Black was probably too optimistic about his chances.} (15... f4
$1 16. Bxc8 Kxc8 17. Qa5 b6 18. Qa6+ (18. Qa4 Kb8 19. Nc7 Kxc7 20. Qc6+ Kb8 21.
Qe8+ Kb7 22. Qc6+ $11) 18... Kb8 19. Nxa7 Rxa7 20. Qxb6+ Rb7 21. Qd8+ Ka7 22.
Qa5+ $11) 16. f4 $1 {Now black's centre is under heavy pressure.} Bxh4 $2 {
The decisive mistake.} (16... Ng4 17. Bxg4 fxg4 18. O-O {The position seems to
be in white's favour, but this option was definitely the better over the one
chosen by IM Hall.}) 17. Qxe3 Be7 {[%tqu "En","What would you suggest for
White?","","","f4e5","Very effective and well-calculated sacrifice. Black's
centre falls apart completely.",12]} 18. fxe5 $1 {[%mdl 640] A very effective
and well-calculated sacrifice. Black's centre falls apart completely.} Bg5 (
18... Qxh3 19. exd6 Bf6 20. Qxc5 Qg2 21. Qc7+ Ke8 22. d7+ Bxd7 23. Nd6+ Ke7 24.
Nxf5+ Ke8 25. Nd6+ Ke7 26. Rf1 Qxh2 27. Nf5+ Ke8 28. Qd6 Bxf5 29. Qxf6 Qxg3+
30. Kd2 $18) 19. Qf2 $1 {White must keep an eye on the Pc5.} Qxh3 20. Nxd6 Qh5
(20... Rf8 21. Qxc5 Qh6 22. Nb5 Bd2+ 23. Kf1 Ba5 24. e6 fxe6 25. dxe6 Bxe6 26.
Nd4 $18 {[%csl Ra5,Re6,Rf8]}) 21. Qxc5 Be7 {Other moves do not save as well.}
22. Rd1 (22. Nxb7+ $1 Bxb7 23. d6 Rc8 24. Qxa7 $18) 22... Qg6 {[%tqu "En",
"Continue the attack.","","","d6b7","",10]} 23. Nxb7+ $1 Bxb7 24. d6 Rc8 {
Black has to give all his extra material and more to avoid mate.} (24... Bg5
25. Qc7+ Ke8 26. Qxb7 Rd8 27. c5 $18 {[%csl Gc5,Gd6]}) 25. dxe7+ Ke8 26. Qd4
Kxe7 27. Qd7+ Kf8 28. Qxb7 {White is just a few pawns up with a continous
attack.} Rxc4 29. O-O {Castling on move 29 is not often to see!} Re4 30. Rf2
Kg7 31. Rd6 Qg4 32. Rf6 {[%csl Rf5,Rf7]} 1-0